| 000 | 00814nam a2200205 a 4500 | ||
|---|---|---|---|
| 005 | 20171201152552.0 | ||
| 008 | 140314b2000 ||||f |||| 00| 0 eng d | ||
| 040 |
_aCO-BoIAVH _cCO-BoIAVH |
||
| 041 | 0 | _aeng | |
| 044 | _axxu | ||
| 082 | 0 | 4 |
_a338.98 _bJ82s |
| 100 |
_aUquillas, Jorge E. _eautor |
||
| 245 |
_aStrengthening indigenous organizations : _bthe world bank's indigenous capacity-building program in Latin America |
||
| 260 |
_aWashington : _bWorld Bank ; _bLatin America and Caribbean Regional Office : _bEnvironmentally and Socially Sustainable Development SMU. _c2000 |
||
| 300 |
_a24 páginas. _c28 x 22 cm. |
||
| 650 | 2 | 6 | _aInformes de gestión - Banco Mundial |
| 650 | 2 | 6 | _aComunidades indígenas |
| 700 |
_aAparicio Gabara, Teresa _eautora |
||
| 942 |
_cLIBRO _2ddc |
||
| 999 |
_c4166 _d4166 |
||